000 00304nam a22001337a 4500
008 170721b xxu||||| |||| 00| 0 eng d
020 _a9780073519180
041 _aeng
080 _a004
100 _a29
101 _aSHKI
245 _aMICROSOFT OFFICE POWERPOINT 2007
_cGRAVES, P.R
942 _2udc
_cBK
999 _c21776
_d21776